| 000 | 00382nam a2200145 a 4500 | ||
|---|---|---|---|
| 001 | 2968 | ||
| 003 | CDMR | ||
| 005 | 20130116135237.0 | ||
| 008 | 130130s1994||||||||||||||||||||||||||||d | ||
| 040 |
_aCDMR _bcat _cCPC GIRONA |
||
| 100 | 1 |
_aMattelart, Armand _9379 |
|
| 245 | 1 | 0 |
_aNouveaux scénarios de la communication internationale _cMattelart, Armand |
| 260 |
_c1994 _bCIC |
||
| 942 | _cMON | ||
| 999 |
_c2968 _d2968 |
||